000 08728nam a22006017a 4500
005 2012021306576.0
010 _aB-451238-270
020 _a8173091129
_c200.00
037 _bके.के. पब्लिकेशन्स
082 _a909
100 _aनेहरू, जवाहरलाल
_942767
245 _aविश्व इतिहास की झलक:
_b(संक्षिप्त संस्करण) /
_cजवाहरलाल नेहरू; चंद्रगुप्त वार्ष्णेय द्वारा संपादित
246 _aVishva itihas ki jhalak
_bby Jwaharlal Nehru
260 _aनई दिल्ली
_bसस्ता साहित्य मण्डल
_c2011
270 _aएन-77, पहली मंजिल, कनॉट सर्कस,
_bनई दिल्ली
_e110001
_k23310505, 41523565
300 _a496पृ.
_bमानचित्र
_c22सेमी (सजिल्द)
700 _aवार्ष्णेय, चंद्रगुप्त
_941742
942 _2ddc
_cHN
_h909
_mनेहरू
999 _c62626
_d62626